| 000 | 00851nmc a2200301 a 4500 | ||
|---|---|---|---|
| 003 | AR-BaBNM | ||
| 005 | 20251128203757.0 | ||
| 008 | 117019s1965 ||||||||||||||000 | spa|| | ||
| 040 | _cAR-BaBNM | ||
| 100 | 1 | _aBoschetti Alberti, María | |
| 245 | 1 | 0 | _aMi experiencia en la "Escuela Serena" de Agno |
| 250 | _a1ª ed. | ||
| 260 |
_aBuenos Aires _bKapelusz _c1965 |
||
| 300 | _axviii, 89 p. | ||
| 490 | 0 | _aBiblioteca de cultura pedagógica | |
| 610 | 2 | 4 | _aEscuela Serena de Agno |
| 650 | 4 | _aORGANIZACION ESCOLAR | |
| 650 | 4 | _aESCUELAS EXPERIMENTALES | |
| 650 | 4 | _aPEDAGOGIA EXPERIMENTAL | |
| 650 | 4 | _aMETODOS DE ENSENANZA | |
| 650 | 4 | _aRELACION ALUMNO-DOCENTE | |
| 650 | 4 | _aLIBERTAD DE ENSENANZA | |
| 650 | 4 | _aDESARROLLO DEL NINO | |
| 651 | 4 | _aItalia | |
| 700 | 1 |
_aFerrière, Adolphe _eprologuista |
|
| 942 | _cBK | ||
| 998 | _cSILVI | ||
| 999 |
_c4906 _d4906 |
||